000 00728nam a22002171i 4500
001 14058
090 _a14058
010 _a9788498993547
100 _a20170304u u u0frey50 ba
101 0 _apor
200 1 _aAves
215 _a63, [1] p.
_cmuito il. color.
_d27 cm
702 1 _aArroyo... [et al.]
_bGuido
_4440
712 0 2 _aTetraepik Lda.
_4730
702 1 _aSalvía
_bRosa
_4340
210 _cSol90
_dD.L. 2009
225 2 _aEnciclopédia visual
410 0 _tEnciclopédia visual
996 _f0016481
_kAVE Juv
_m00000000
_n00000000
_aBMVAAL
_b3
_vAlcáçovas
_xEnciclopédias Juvenis
_y1
_eLivro
_10
_31
996 _f0021798
_kAVE Juv
_m00000000
_n00000000
_aBMVA
_b1
_vViana do Alentejo
_xEnciclopédias Juvenis
_y1
_eLivro
_10
_31
990 _cLIVROS